LEADER 01358nam--2200409---450- 001 990001174170203316 005 20101109104009.0 010 $a88-348-2531-4 035 $a000117417 035 $aUSA01000117417 035 $a(ALEPH)000117417USA01 035 $a000117417 100 $a20030915d2003----km-y0enga50------ba 101 0 $aita 102 $aIT 105 $ay|||z|||001yy 200 1 $aAggiornamenti sulle riforme costituzionali$e1998-2002$fFranco Modugno, Alfonso Celotto, Marco Ruotolo 210 $aTorino$cG. Giappichelli$d2003 215 $aVI, 102 p.$d22 cm. 606 0 $aItalia$xCostituzione politiche$z1998-2002$xRiforma 676 $a342.4503 700 1$aMODUGNO,$bFranco$0145075 701 1$aCELOTTO,$bAlfonso$0240215 701 1$aRUOTOLO,$bMarco$0259394 801 0$aIT$bsalbc$gISBD 912 $a990001174170203316 951 $aIG IV 1486$b36674 G.$cIG IV$d00097636 951 $aXXIV.2.C. 145 (IG IV 1486)$b38521 G.$cXXIV.2.C. 145 (IG IV)$d00092623 959 $aBK 969 $aGIU 979 $aMARIA$b10$c20030915$lUSA01$h1306 979 $aRENATO$b90$c20030918$lUSA01$h0920 979 $aPATRY$b90$c20040406$lUSA01$h1724 979 $aFIORELLA$b90$c20041005$lUSA01$h1213 979 $aRSIAV2$b90$c20101109$lUSA01$h1040 996 $aAggiornamenti sulle riforme costituzionali$9982380 997 $aUNISA LEADER 01680aam 2200433I 450 001 9910710782203321 005 20121108042819.0 024 8 $aGOVPUB-C13-4004d207ab56d721e6726dd0c95d9c89 035 $a(CKB)5470000002478482 035 $a(OCoLC)816519334 035 $a(EXLCZ)995470000002478482 100 $a20121108d2012 ua 0 101 0 $aeng 181 $ctxt$2rdacontent 182 $cc$2rdamedia 183 $acr$2rdacarrier 200 10$aCorrection factors for the NIST free-air ionization chambers used to realize air kerma from w-anode x-ray beams /$fStephen M. Seltzer 210 1$aGaithersburg, MD :$cU.S. Dept. of Commerce, National Institute of Standards and Technology,$d2012. 215 $a1 online resource (41 pages) $cillustrations, tables 225 1 $aNISTIR ;$v7887 300 $aContributed record: Metadata reviewed, not verified. Some fields updated by batch processes. 300 $aOctober 2012. 320 $aIncludes bibliographical references (pages 9-10). 606 $aIonization chambers$xCalibration 606 $aIonizing radiation$xStandards 606 $aPhoton emission 615 0$aIonization chambers$xCalibration. 615 0$aIonizing radiation$xStandards. 615 0$aPhoton emission. 700 $aSeltzer$b Stephen M$01390688 701 $aSeltzer$b Stephen M$01390688 712 02$aNational Institute of Standards and Technology (U.S.) 801 0$bNBS 801 1$bNBS 801 2$bGPO 906 $aBOOK 912 $a9910710782203321 996 $aCorrection factors for the NIST free-air ionization chambers used to realize air kerma from w-anode x-ray beams$93481292 997 $aUNINA